| 000 | 02763cam a22005894a 4500 | ||
|---|---|---|---|
| 001 | muse84116 | ||
| 003 | MdBmJHUP | ||
| 005 | 20210127151705.0 | ||
| 006 | m o d | ||
| 007 | cr||||||||nn|n | ||
| 008 | 191029t20202020gau o 00 0 eng d | ||
| 020 | _a9781951498689 | ||
| 020 | _z1951498682 | ||
| 020 | _z9781951498696 | ||
| 020 | _z1951498690 | ||
| 035 | _a(OCoLC)1152821552 | ||
| 040 |
_aMdBmJHUP _cMdBmJHUP |
||
| 050 | 4 | _aBM525.M643 | |
| 082 | 0 |
_a296.16 _223 |
|
| 100 | 1 |
_aWolfson, Elliot R., _eauthor. |
|
| 245 | 1 | 4 |
_aThe Book of the Pomegranate _bMoses de Leon's Sefer H-Rimmon / _cElliot R. Wolfson ; Michael L. Satlow, managing editor.. |
| 250 | _aOpen Access edition | ||
| 300 | _a1 online resource (1 online resource.) | ||
| 490 | 0 |
_aBrown Judaic studies; _v144 |
|
| 500 | _a"Licensed under a Creative Commons Attribution-NonCommercial-No Derivatives 4.0 International License."--T.p. verso | ||
| 500 | _a"Open access edition funded by the National Endowment for the Humanities/Andrew W. Mellon Foundation Humanities Open Book Program."--T.p. verso | ||
| 506 | 0 |
_aOpen Access _fUnrestricted online access _2star |
|
| 520 | _a"Hebrew edition of an important work by the Spanish kabbalist Moses de Leon (ca. 1240-1305). Sefer Ha-Rimmon, which was written in 1287, is particularly significant for study of the Zohar and the development of a theory of the commandment (mitzvot) and why one should do them."--Publisher's preface. | ||
| 588 | 0 | _aDescription based on print version record. | |
| 600 | 0 | 1 |
_aMoses ben Shem Tov, _cde Leon, _d1250-1305. _tSefer ha-rimon. |
| 650 | 0 |
_aCommandments (Judaism) _2fast _0(OCoLC)fst00869230 |
|
| 650 | 0 |
_aCabala. _2fast _0(OCoLC)fst00843481 |
|
| 650 | 0 | _aCommandments (Judaism) | |
| 650 | 0 | _aCabala. | |
| 630 | 0 | 7 |
_aSefer ha-rimon (Moses ben Shem Tov, de Leon) _2fast _0(OCoLC)fst01372460 |
| 655 | 0 |
_aEbooks. _2aat |
|
| 655 | 0 | _aElectronic books. | |
| 655 | 7 |
_aElectronic books. _2local |
|
| 700 | 1 |
_aSatlow, Michael L., _eeditorial director. |
|
| 710 | 2 |
_aAndrew W. Mellon Foundation, _esponsoring body. |
|
| 710 | 2 |
_aNational Endowment for the Humanities, _esponsoring body. |
|
| 710 | 2 |
_aBrown University. _bProgram in Judaic Studies, _epublisher. |
|
| 710 | 2 |
_aProject Muse. _edistributor. |
|
| 776 | 1 | 8 |
_iPrint version: _tBook of the pomegranate. _dAtlanta, Georgia : Scholars Press, 1988 _z9781555402136 _w(OCoLC)17384013 |
| 710 | 2 |
_aProject Muse. _edistributor |
|
| 830 | 0 |
_aBrown Judaic studies ; _vno. 144. |
|
| 830 | 0 | _aBook collections on Project MUSE. | |
| 856 | 4 | 0 |
_zFull text available: _uhttps://muse.jhu.edu/book/74939/ |
| 999 |
_c26666 _d26666 |
||